000 00578nam a2200193Ia 4500
003 LDD
008 181029s9999 xx 000 0 und d
020 _a8181281616
_c295.00
040 _cLDD
100 _aIbach, Harald
245 0 _aSolid-state physics
_ban introduction to principles of materials science
_cHarald Ibach
260 _aNew Delhi
_bSpringer
_c2006
300 _axii, 495
365 _b295.00
901 _a3401
_b20-10-2006
902 _aANE/D/441
_b14-11-2006
_cF
_dANE
_e53
903 _aDiscount-10
_bReqst by : Lamba Subhalakshmi (Dr.)
942 _2ddc
_cBK
999 _c76490
_d76490